000 00555nam a2200169Ia 4500
003 GCL
008 140319s9999 xx 000 0 eng d
040 _aGCL /
_cGCL
082 0 4 _aCC
_b025.00932
_bP E
100 1 _aPARCERISA, JOSEP PADRO I
245 1 0 _aEGYPTIAN - TYPE DOCUMENTS: FROM THE MEDITERRANEAN LITERAL OF THE IBERIAN PENINNSULA BEFORE THE ROMAN CONQUEST /
_cPARCERISA, JOSEP PADRO I
260 _a[S.N] :
_bE. J. BRILL ،
_c1980
650 0 4 _aANCIENT EGYPTIAN DOCUMENTS
650 0 4 _aANCIENT EGYPT
650 0 4 _aEGYPTOLOGY
942 _2ddc
_cBK
999 _c15307
_d15307